000 01525nam a22003377a 4500
003 OSt
005 20260309022722.0
008 260129b ||||| |||| 00| 0 eng d
040 _bEnglish.
_cCvSU-CCAT Campus Library.
_erda.
050 _aUM HF 5548.32
_bL69 2022
100 _aLozano, Sonny Jr. C., author.
_918476
245 _aCreatheme : an e-commerce web application with content management system /
_cSonny C. Lozano, Jr., Sonia Victoria Ayran, Carlo Ray Arcena.
260 _aRosario, Cavite :
_bCavite State University-CCAT Campus,
_c2022.
300 _axiii, 148 leaves :
_billustrations ;
_c28 cm
500 _aUndergraduate Thesis (BSInfoTech) -- Cavite State University-CCAT Campus, 2022.
504 _aIncludes bibliographical references and appendices.
546 _aIn English text
650 _aE-commerce -- Web application.
_918477
650 _aContent management systems (Web development).
_918478
650 _aSmall business -- Technological innovations.
_918479
650 _aWeb sites -- Design and construction.
_918480
650 _aComputer software development.
_911764
650 _aAgile software development.
_918481
650 _aAgile scrum methodology.
_918482
700 _aAyran, Maria Victoria, author.
_918483
700 _aArcena, Carlo Ray, author.
_918484
700 _aAbad, Jenerry Y., adviser.
_912022
700 _aTopacio, Raven M., technical critic.
_99117
942 _2lcc
_cT/M/D
_hHF 5548.32 L69 2022
_kUM
999 _c4677
_d4677